000 00699nam a2200253Ia 4500
003 OSt
005 20220926014639.0
006 a|||||r|||| 00| 0
007 ta
008 220923b |||||||| |||| 00| 0 eng d
037 _cGeneral Book
040 _aRTL
_cRTL
_beng
041 _2eng
_aeng
082 _aS, L0
100 _aDe Greene Kenyon B
_9320904
245 0 _aSystems psychology
260 _aNew York
_bMcGraw-Hill U S A
_c1970
300 _axiii,593p
_ccm.
490 _aMcGraw-Hill Series In Management
500 _aBibliography at the end of each chapter
650 _aPsychology
942 _hS, L0
_cGB
_2CC
999 _c629551
_d629551